Famous Adolfs - Statistics

General Stats
  • This quiz has been taken 59 times
  • The average score is 3 of 13
Answer Stats
Hint Answer % Correct
Made the name unpopular Adolf Hitler
98%
Holocaust architect hanged by Israel in 1962 Adolf Eichmann
58%
King who made Sweden a great power, 1611-1632 Gustav II Adolf
46%
American comedian usually known as "Harpo" Adolph Marx
35%
Founder of Adidas Adolf Dassler
30%
French President, 1871-1873 Adolphe Thiers
16%
Luftwaffe General who shot down 104 Allied aircraft Adolf Galland
14%
Paramount Pictures founder Adolph Zukor
14%
Footballer who played 14 times for Austria, 1994-1997 Adolf Hütter
9%
German Lieutenant General executed for war crimes in 1945 Adolf Hamann
5%
German billionaire who committed suicide in 2009 Adolf Merckle
5%
Czech soldier involved in the assassination of Reinhard Heydrich Adolf Opálka
5%
Germany's most prominent 19th Century painter Adolph Menzel
5%
No matching quizzes found
Score Distribution
Percent of People with Each Score
Percentile by Number Answered
Your Score History
You have not taken this quiz